000 00484nam a2200181Ia 4500
003 GCL
008 140319s9999 xx 000 0 eng d
040 _aGCL /
_cGCL
082 0 4 _a338.7
_bB O
100 1 _aBEARDSHAW, JOHN
245 1 0 _aTHE ORGANISATION IN ITS ENVIRONMENT, 4TH ED /
_cBEARDSHAW, JOHN
700 1 _aPALFREMAN, DAVID
260 _a[S.N] :
_bPITMAN PUBLISHING ،
_c1990
300 _a515 P
650 0 4 _aORGANIZATION
650 0 4 _aBUSINESS FIRMS
942 _2ddc
_cBK
999 _c23692
_d23692